Statistics for The US Declaration of Independence

Click here to take the quiz!

General Stats

  • This quiz has been taken 20 times
  • The average score is 5 of 14

Answer Stats

Answer% Correct
"...unalienable {Rights}..."
86%
"When in the {Course} of human events..."
79%
"...endowed by their {Creator} with..."
57%
"...that among these are {Life}, {Liberty}, and the pursuit of {Happiness}..."
57%
"...The history of the present King of {Great Britain} is a history..."
57%
"...We hold these {truths} to be {self-evident}..."
43%
"He has kept among us, in times of {peace}, Standing Armies without..."
36%
"For {Quartering} large bodies of armed troops among us:"
21%
"He has {abdicated} Government here, by declaring us out of his..."
14%
"...To prove this, let {Facts} be submitted to a candid world."
14%
"He has refused his {Assent} to Laws, the most wholesome and necessary for the public good."
7%
"...the {separate} and {equal} station to which..."
7%
"...unless those people would relinquish the right of {Representation} in the Legislature..."
7%
"He has refused for a long time, after such {dissolutions}, to cause others to be elected..."
0%

Score Distribution

Percentile by Number Answered

Percent of People with Each Score

Your Score History

You have not taken this quiz